00822nam a2200193 i 4500001000300000100003400003245013000037260004600167300010000213504002600313650003300339710007100372020001500443040000800458041000800466080001500474008004100489856009800530bg1 aJanecki, Januszd(1937-2008).10aFizjonomia polskiej szaty roślinnej /cJanusz Janecki ; Katolicki Uniwersytet Lubelski. Wydział Matematyczno-Przyrodniczy. aLublin :bRedakcja Wydawnictw KUL,c1999. a109 s., [4] k. tabl. (w tym złoż.) :bfot. (w tym kolor.), mapy, rys., wykr., err. ;c24 cm. aBibliogr. s. 107-109. 9aRoślinyxgeografiazPolska 0aKatolicki Uniwersytet LubelskibWydział Matematyczno-Przyrodniczy a8322807244 cBPK0 apol a581.9(438) s pl f |000 0 pol  uhttp://koha.tu.koszalin.pl/cgi-bin/koha/opac-detail.pl?biblionumber=44176yKatalog online BPK